Normal view
MARC view
Entry Personal Name
001 - CONTROL NUMBER
- control field: 1153212
003 - CONTROL NUMBER IDENTIFIER
- control field: OSt
005 - DATE AND TIME OF LATEST TRANSACTION
- control field: 20260324115047.0
008 - FIXED-LENGTH DATA ELEMENTS
- fixed length control field: 260324|| aca||aabn | a|a d
040 ## - CATALOGING SOURCE
- Original cataloging agency: OSt
- Transcribing agency: OSt
100 ## - HEADING--PERSONAL NAME
- Personal name: Koenraad Van Balen; Aziliz Vandesande; Els Verstrynge
670 ## - SOURCE DATA FOUND
- Source citation: Work cat.: (OSt)1743807: Koenraad Van Balen; Aziliz Vandesande; Els Verstrynge, Preventive Conservation - From Climate and Damage Monitoring to a Systemic and Integrated Approach
